=LDR 00000nam 2200000 4500 =001 INLIS000000000011013 =005 20130612102623 =008 ***********************************Ind** =035 ##$$0010-061300000011013 =041 ##$$a Ind =082 ##$$a 668.9 =100 ##$$a Hartomo, A J =245 ##$$a dasar-dasar Propesi politeknik paurosesan polimer Paktis, A.J Hartomo =260 ##$$a 1993 $b Yogyakarta =300 ##$$a XVII, 213 hlm, ilus, 26 cm =650 ##$$a Polimer =850 ##$$a NBPNMAT